00315nam a2200121 a 450000500170000000800410001702000180005805000170007610000180009324500450011126000280015630000090018420140412111247.0110407s19uu xx 00 eng d a0-7214-1043-x aERbSl1 1997 aUllstein, Sue aThe Sly fox and red Hen /cSue Ullstein. aUSA :bLadybird,c1997. a51p.